Food and beverage service / (Record no. 4464)

MARC details
000 -LEADER
fixed length control field 00644nam a22002172 4500
001 - CONTROL NUMBER
control field 0000023998
005 - DATE AND TIME OF LATEST TRANSACTION
control field 20151217145945.0
008 - FIXED-LENGTH DATA ELEMENTS--GENERAL INFORMATION
fixed length control field 130424s xx 000 0 eng d
020 ## - INTERNATIONAL STANDARD BOOK NUMBER
International Standard Book Number 0198065272 :
040 ## - CATALOGING SOURCE
Original cataloging agency KABU
Transcribing agency KABU
100 1# - MAIN ENTRY--PERSONAL NAME
Personal name Singaravelavan, R.
-- 0000183866
245 10 - TITLE STATEMENT
Title Food and beverage service /
Statement of responsibility, etc. R. Singaravelavan.
250 ## - EDITION STATEMENT
Edition statement 1st ed.
260 ## - PUBLICATION, DISTRIBUTION, ETC. (IMPRINT)
Place of publication, distribution, etc. New Delhi :
Name of publisher, distributor, etc. O. U. P.,
Date of publication, distribution, etc. 2011.
300 ## - PHYSICAL DESCRIPTION
Extent xxiii, 683 p.
650 #0 - SUBJECT ADDED ENTRY--TOPICAL TERM
Topical term or geographic name as entry element Food service management.
-- 0000156551
650 #0 - SUBJECT ADDED ENTRY--TOPICAL TERM
Topical term or geographic name as entry element Beverage industry.
-- 0000183867
852 1# - LOCATION
-- p2800 KES
908 ## - PUT COMMAND PARAMETER (RLIN)
Put command parameter 130424
950 ## - LOCAL HOLDINGS (RLIN)
-- 1
Holdings
Withdrawn status Lost status Source of classification or shelving scheme Not for loan Home library Current library Date acquired Total Checkouts Total Renewals Full call number Barcode Checked out Date last seen Date last checked out Price effective from Koha item type
    Library of Congress Classification   Kabarak, Main Campus Kabarak, Main Campus 17/12/2015 8 1 TX911.3 .M27S56 2011 c. 1 015136 17/03/2021 01/03/2021 01/03/2021 17/12/2015 General Collection
Designed with assistance from East African Informatics Ltd